المعتمد في خلافة المعتضد بالله العباسي أحمد بن الموفق 279-289هـ : (رقم التسجيلة. 19526)

تفاصيل مارك
000 -LEADER
fixed length control field 00622nam a22001697a 4500
005 - DATE AND TIME OF LATEST TRANSACTION
control field 20251108165011.0
008 - FIXED-LENGTH DATA ELEMENTS--GENERAL INFORMATION
fixed length control field 250721s1984 xx 000 0 ara d
082 14 - DEWEY DECIMAL CLASSIFICATION NUMBER
Classification number 956.06/عبد
100 1# - MAIN ENTRY--PERSONAL NAME
Personal name حتاملة، عبد الكريم عبده
245 10 - TITLE STATEMENT
Title المعتمد في خلافة المعتضد بالله العباسي أحمد بن الموفق 279-289هـ :
Remainder of title دراسة تحليلية - تاريخية - سياسية - إجتماعية /
264 1# - PRODUCTION, PUBLICATION, DISTRIBUTION, MANUFACTURE, AND COPYRIGHT NOTICE
Place of production, publication, distribution, manufacture عمان :
Date of production, publication, distribution, manufacture, or copyright notice 1984.
300 ## - PHYSICAL DESCRIPTION
Extent 253ص
650 17 - SUBJECT ADDED ENTRY--TOPICAL TERM
Topical term or geographic name as entry element العباسيون 750-1258
650 17 - SUBJECT ADDED ENTRY--TOPICAL TERM
Topical term or geographic name as entry element تاريخ العرب
942 ## - ADDED ENTRY ELEMENTS (KOHA)
Source of classification or shelving scheme Dewey Decimal Classification
Koha item type كتب
المقتنيات
حالة السحب حالة الفقدان مصدر التصنيف حالة التلف غير قابل للإعارة المكتبة الرئيسية المكتبة الحالية موقع الرف تاريخ التزويد الرقم المتسلسل Total Checkouts رقم الإستدعاء تاريخ آخر ظهور تاريخ الفاتورة نوع المادة (كوها) الباركود
    Dewey Decimal Classification     مكتبة الحسن العامة مكتبة الحسن العامة الإعارة 05/09/2018 01041   956.06/عبد 28/07/2025 05/09/2018 كتب PLD00430078
    Dewey Decimal Classification     مكتبة النصر العامة مكتبة النصر العامة الإعارة 18/03/2015 [ 2046 ]]   956.06/عبد 28/07/2025 18/03/2015 كتب PLD00377956
    Dewey Decimal Classification Unchecked   مكتبة صويلح العامة مكتبة صويلح العامة الإعارة 06/07/2004 1527   956.06/عبد 28/07/2025 06/07/2004 كتب  
    Dewey Decimal Classification Unchecked   مكتبة صويلح العامة مكتبة صويلح العامة الإعارة 06/07/2004 1527   956.06/عبد 28/07/2025 06/07/2004 كتب  
Implemented & Customized by: BBB with SCIT (Smart Chains for Information Technology)

Powered by Koha